000 00945nam a2200229 a 4500
999 _c11238
_d11238
001 11238
003 BD-JhCC
005 20190806200851.0
008 190606b 2017bg a|||| ||a| 000 0 ben d
020 _a9847009603820
035 _a(BD-JhCC)11238
040 _aBD-JhCC
_dBD-JhCC
041 _aben
082 _a954.9205
_bISL 2017
100 _aআজিজ, আশিক
245 _aমুক্তিযুদ্ধের কিশোর ইতিহাস :
_bময়মনসিংহ জেলা /
_cআজিজ, আশিক, আমিনুর রহমান সুলতান (সম্পা)
260 _aঢাকা:
_bতাম্রলিপি;
_c২০১৭.
300 _a১৪২ পৃ. :
_bচিত্রবলী সংযোজিত;
_c২২ সেমি.
650 _aLiberation war
_xjuvenile
_y1971
_zBangladesh
700 _aসুলতান, আমিনুর রহমান
942 _2ddc
_cBK